Song Text: Tut uns Leid - Julien Bam - Statistiken

Allgemein
  • Dieses Quiz wurde 291 mal gespielt
  • Das Durchschnittsergebnis liegt bei 184 aus 253
Antwortstatistiken
Textquiz % Korrekt
Leid
100%
Tut
100%
uns
98%
Es
91%
so
90%
war
90%
gemeint
85%
Ich
83%
ich
83%
wie
82%
Vielleicht
80%
vielleicht
80%
nie
77%
vor
76%
Nicht
75%
Das
74%
garnicht
74%
Kommt
74%
wieder
74%
ist
69%
hab
67%
Die
66%
die
66%
in
63%
Doch
61%
alles
60%
was
60%
zwar
58%
zwar
58%
liegt
57%
zehn
57%
Scherben
56%
und
56%
aber
55%
elf
55%
mehr
55%
Ein
54%
erklär´n
54%
kann`s
54%
sie
54%
weiß
54%
dass
53%
eigentlich
53%
legendär
53%
sagen
53%
Sekunden
53%
eventuell
52%
geseh´n
52%
hier
52%
Story
52%
nur
51%
Rein
50%
Ach
49%
jetzt
49%
wenn
49%
wir
49%
Unter
48%
Umständ´n
47%
soll
46%
war´n´s
46%
mich
45%
nochmal
45%
verflixt
45%
hypothetisch
44%
bisschen
43%
lang
42%
möglich
42%
geplant
41%
gleich
41%
Ohne
40%
erschlagen
39%
wollt
39%
ja
38%
Möglicherweise
38%
direkt
37%
im
35%
Im
35%
egal
32%
hab´s
31%
probiert
31%
irgendwie
30%
Zweifel
30%
Naja
29%
Okay
29%
Betracht
27%
falsch
27%
denkbar
23%
vorstellbar
23%
Womöglich
23%
konkretisier´n
17%
kaum
12%
weider
6%
kann´s
1%
Keine übereinstimmenden Quizze gefunden
Verteilung der Resultate
Anzahl Personen mit jedem Resultat
Perzentil nach korrekt beantworteten Fragen
Ihre Resultats-Entwicklung
Sie haben dieses Quiz noch nicht gespielt